[Event "Avoine op 38th"]
[Site "Avoine"]
[Date "2024.07.25"]
[Round "6"]
[White "Dreelinck, Adriaan"]
[Black "Tirard, Hugo"]
[Result "0-1"]
[WhiteElo "2193"]
[BlackElo "2392"]
[PlyCount "56"]
[EventDate "2024.07.20"]
[EventType "swiss"]
[EventRounds "9"]
[EventCountry "FRA"]
[SourceTitle "EXT 2025"]
[Source "ChessBase"]
[SourceDate "2024.10.14"]
[SourceVersion "1"]
[SourceVersionDate "2024.10.14"]
[SourceQuality "1"]

1. d4 Nf6 2. c4 g6 3. Nc3 Bg7 4. e4 d6 5. Be2 0-0 6. Nf3 Bg4 7. Be3 Nfd7 8. h4 c5 9. d5 Nf6 10. e5 dxe5 11. Nxe5 Bxe2 12. Qxe2 Nbd7 13. Nd3 b6 14. g4 h5 15. f3 b5 16. Nxb5 Rb8 17. Nc3 Qa5 18. Bd2 Qa6 19. b3 Rxb3 20. 0-0 Ra3 21. Nf2 Nb6 22. Qxe7 Nxc4 23. Nb1 Rxf3 24. Qxc5 Rc8 25. Qe7 Re8 26. Qc7 Nxd5 27. Qd7 Qe6 28. Qa4 Ndb6 0-1

[Event "Avoine op 38th"]
[Site "Avoine"]
[Date "2024.07.22"]
[Round "3"]
[White "Tirard, Hugo"]
[Black "Mas, Victor"]
[Result "1/2-1/2"]
[WhiteElo "2392"]
[BlackElo "2280"]
[PlyCount "101"]
[EventDate "2024.07.20"]
[EventType "swiss"]
[EventRounds "9"]
[EventCountry "FRA"]
[SourceTitle "EXT 2025"]
[Source "ChessBase"]
[SourceDate "2024.10.14"]
[SourceVersion "1"]
[SourceVersionDate "2024.10.14"]
[SourceQuality "1"]

1. e4 e6 2. d4 d5 3. Nc3 Nf6 4. e5 Nfd7 5. f4 c5 6. Nf3 Nc6 7. Be3 cxd4 8. Nxd4 Qb6 9. a3 Bc5 10. Na4 Qa5+ 11. c3 Bxd4 12. Bxd4 Nxd4 13. Qxd4 0-0 14. Bd3 b6 15. Bc2 Ba6 16. b4 Qb5 17. Qd2 Rac8 18. Nb2 Qc6 19. Rc1 f6 20. a4 Qc7 21. b5 Bb7 22. exf6 Rxf6 23. 0-0 Nc5 24. Qe3 Rcf8 25. Nd3 Ne4 26. Ne5 Qc5 27. Qxc5 Nxc5 28. g3 Ra8 29. Ra1 Rd8 30. Rfd1 Nd7 31. Ng4 Rff8 32. a5 Rc8 33. axb6 Rxc3 34. Rxa7 Rb8 35. Bd3 Nxb6 36. Ne5 Nc8 37. Raa1 Nd6 38. Rdc1 d4 39. Rxc3 dxc3 40. Rc1 Rc8 41. Kf2 Be4 42. Bxe4 Nxe4+ 43. Ke3 Nd6 44. Nc6 Kf8 45. Nd4 Nf5+ 46. Nxf5 exf5 47. Kd4 c2 48. Kd5 Ke7 49. b6 Kd7 50. b7 Rb8 51. Rxc2 1/2-1/2

[Event "Rouen op 15th"]
[Site "Rouen"]
[Date "2023.12.27"]
[Round "4"]
[White "Firouzja, Alireza"]
[Black "Tirard, Hugo"]
[Result "1-0"]
[WhiteElo "2763"]
[BlackElo "2413"]
[PlyCount "65"]
[EventDate "2023.12.26"]
[EventType "swiss"]
[EventRounds "7"]
[EventCountry "FRA"]
[SourceTitle "EXT 2025"]
[Source "ChessBase"]
[SourceDate "2024.10.14"]
[SourceVersion "1"]
[SourceVersionDate "2024.10.14"]
[SourceQuality "1"]

1. d4 Nf6 2. c4 g6 3. Nc3 Bg7 4. e4 d6 5. h3 0-0 6. Be3 Na6 7. g4 e5 8. d5 Nc5 9. f3 a5 10. Qd2 Bd7 11. 0-0-0 Ne8 12. h4 f5 13. gxf5 gxf5 14. Bh3 Qc8 15. h5 Kh8 16. h6 Bf6 17. Bxf5 Bxf5 18. exf5 Qxf5 19. Nge2 Rg8 20. f4 exf4 21. Nxf4 Ne4 22. Qd3 Ng3 23. Qxf5 Nxf5 24. Bd2 Rg4 25. Ne4 Bd4 26. Ne6 Be5 27. Rhf1 Rxe4 28. Rxf5 Rxc4+ 29. Kb1 Nf6 30. Rdf1 Ng8 31. Rf8 Rxf8 32. Rxf8 Bf6 33. Ng5 1-0

[Event "Avoine op 37th"]
[Site "Avoine"]
[Date "2023.07.28"]
[Round "7"]
[White "Deslandes, Pascal"]
[Black "Tirard, Hugo"]
[Result "0-1"]
[WhiteElo "2287"]
[BlackElo "2390"]
[PlyCount "76"]
[EventDate "2023.07.22"]
[EventType "swiss"]
[EventRounds "9"]
[EventCountry "FRA"]
[SourceTitle "CBM 215 Extra"]
[Source "ChessBase"]
[SourceDate "2023.09.30"]
[SourceVersion "1"]
[SourceVersionDate "2023.09.30"]
[SourceQuality "1"]

1. e4 c5 2. Nf3 Nc6 3. Bb5 e6 4. 0-0 Nge7 5. c3 a6 6. Ba4 b5 7. Bc2 Bb7 8. Re1 Rc8 9. a4 b4 10. d4 cxd4 11. cxd4 d5 12. e5 Qc7 13. Bd3 Nf5 14. Bxf5 exf5 15. e6 f6 16. Qd3 Bd6 17. Nbd2 Ne7 18. Nb3 0-0 19. Nh4 Qc2 20. Qxc2 Rxc2 21. g3 Re8 22. Ng2 Bc8 23. Rb1 g5 24. Bd2 Rc7 25. Kf1 Kf8 26. Rbc1 Rxc1 27. Rxc1 Bxe6 28. Nc5 Kf7 29. Nb7 Bb8 30. Bxb4 f4 31. gxf4 Bh3 32. Rc3 g4 33. f3 Nf5 34. Kf2 gxf3 35. Kxf3 Nxd4+ 36. Kg3 Bc8 37. Nd6+ Bxd6 38. Bxd6 Nf5+ 0-1

[Event "Les Sables d'Olonneop 4th"]
[Site "Les Sables d'Olonne"]
[Date "2017.07.16"]
[Round "2"]
[White "Henno, Francois"]
[Black "Tirard, Hugo"]
[Result "0-1"]
[WhiteElo "2001"]
[BlackElo "2404"]
[PlyCount "74"]
[EventDate "2017.07.15"]
[EventType "swiss"]
[EventRounds "9"]
[EventCountry "FRA"]
[SourceTitle "EXT 2018"]
[Source "ChessBase"]
[SourceDate "2017.10.13"]
[SourceVersion "1"]
[SourceVersionDate "2017.10.13"]
[SourceQuality "1"]

1. e4 c5 2. Nf3 Nc6 3. d4 cxd4 4. Nxd4 e5 5. Nb5 d6 6. N1c3 a6 7. Na3 b5 8. Nd5 Nce7 9. c3 Nxd5 10. Qxd5 Be6 11. Qd3 Nf6 12. Bg5 Be7 13. Bxf6 Bxf6 14. Be2 Qb6 15. 0-0 0-0 16. Nc2 Bg5 17. Nb4 f5 18. Nd5 Qc5 19. Rad1 Ra7 20. Bf3 Raf7 21. Qe2 Kh8 22. a4 bxa4 23. exf5 Bxf5 24. g3 g6 25. h4 Bh6 26. Bg2 Bd7 27. g4 Bb5 28. Qe4 Bxf1 29. Rxf1 Rxf2 30. Rxf2 Qxf2+ 31. Kh1 Qxh4+ 32. Kg1 Qf2+ 33. Kh1 Bf4 34. Nxf4 Qxf4 35. Qd5 Qxg4 36. Qxd6 Qh4+ 37. Kg1 Qf6 0-1

[Event "Sables d'Olonne op 3rd"]
[Site "Sables d'Olonne"]
[Date "2016.07.20"]
[Round "6"]
[White "Tirard, Hugo"]
[Black "Hutois, Mickael"]
[Result "1/2-1/2"]
[WhiteElo "2452"]
[BlackElo "2223"]
[PlyCount "150"]
[EventDate "2016.07.16"]
[EventType "swiss"]
[EventRounds "9"]
[EventCountry "FRA"]
[SourceTitle "CBM 173 Extra"]
[Source "ChessBase"]
[SourceDate "2016.08.29"]
[SourceVersion "1"]
[SourceVersionDate "2016.08.29"]
[SourceQuality "1"]

1. e4 e5 2. Nf3 Nc6 3. Bb5 g6 4. 0-0 Bg7 5. c3 Nge7 6. d4 exd4 7. cxd4 a6 8. Bxc6 dxc6 9. Nc3 0-0 10. Re1 h6 11. h3 Kh7 12. Bf4 f5 13. exf5 Nxf5 14. Be5 Be6 15. Qc2 Bg8 16. Re4 Qd7 17. Rae1 Rae8 18. Bxg7 Kxg7 19. Ne5 Qd6 20. R1e2 Bh7 21. Nf3 Qd7 22. Na4 Bg8 23. Nc5 Qc8 24. g4 Nd6 25. Re7+ Rxe7 26. Rxe7+ Rf7 27. Qe2 Kh7 28. Nd7 Qd8 29. Nf6+ Kg7 30. Nxg8 Kxg8 31. Re6 Rf6 32. Qe5 Kf7 33. Rxf6+ Qxf6 34. Qe3 Kg7 35. Ne5 Qe6 36. b3 Qd5 37. f3 Nb5 38. Nd3 Qxd4 39. Kf2 b6 40. Qxd4+ Nxd4 41. Ke3 Nc2+ 42. Ke4 Kf6 43. f4 a5 44. Ne5 Nb4 45. a4 c5 46. h4 Nc2 47. g5+ hxg5 48. hxg5+ Kg7 49. Nf3 c6 50. Ne5 Nb4 51. Nc4 Nd5 52. Ke5 Kf7 53. Kd6 Nxf4 54. Ne5+ Ke8 55. Kxc6 Ne6 56. Kxb6 Nxg5 57. Kxa5 Kd8 58. Kb6 Ne4 59. a5 Kc8 60. a6 Kb8 61. a7+ Ka8 62. Nc4 Nc3 63. Nd6 Nd5+ 64. Kxc5 Ne7 65. Kb6 g5 66. Nb5 Nd5+ 67. Kc5 Ne7 68. Kb6 Nd5+ 69. Kc5 Ne7 70. Kd6 Nc8+ 71. Ke5 Nxa7 72. Nd4 Kb7 73. Kf5 Nc6 74. Nc2 Na5 75. Kxg5 Nxb3 1/2-1/2

[Event "Sables d'Olonne op 3rd"]
[Site "Sables d'Olonne"]
[Date "2016.07.18"]
[Round "4"]
[White "Tirard, Hugo"]
[Black "Gerard, Nicolas"]
[Result "1-0"]
[WhiteElo "2452"]
[BlackElo "2192"]
[PlyCount "73"]
[EventDate "2016.07.16"]
[EventType "swiss"]
[EventRounds "9"]
[EventCountry "FRA"]
[SourceTitle "CBM 173 Extra"]
[Source "ChessBase"]
[SourceDate "2016.08.29"]
[SourceVersion "1"]
[SourceVersionDate "2016.08.29"]
[SourceQuality "1"]

1. e4 c5 2. Nc3 d6 3. Nge2 Nf6 4. d4 cxd4 5. Nxd4 a6 6. h3 e6 7. g4 d5 8. exd5 Nxd5 9. Nde2 h5 10. Nxd5 exd5 11. g5 Bd6 12. Bg2 Nc6 13. Be3 Qe7 14. Qxd5 Be6 15. Qe4 Be5 16. 0-0 g6 17. Nf4 Bf5 18. Qf3 0-0 19. Nd5 Qe6 20. c3 Kh8 21. Rfe1 Rfe8 22. Bc5 Rac8 23. Re3 Rcd8 24. Nf6 Qc4 25. Nxe8 Qxc5 26. Nf6 Rd2 27. Ne4 Bxe4 28. Rxe4 Kg8 29. Re2 Rxe2 30. Qxe2 Bc7 31. h4 Qd6 32. Kf1 Qh2 33. Qc4 Bf4 34. Rd1 Qxh4 35. Qc5 Kg7 36. Rd7 Ne5 37. Rd8 1-0

[Event "Sables d'Olonne op 1st"]
[Site "Sables d'Olonne"]
[Date "2014.07.12"]
[Round "1"]
[White "Tirard, Hugo"]
[Black "Maloberti, David"]
[Result "1-0"]
[WhiteElo "2439"]
[BlackElo "2037"]
[PlyCount "67"]
[EventDate "2014.07.12"]
[EventType "swiss"]
[EventRounds "9"]
[EventCountry "FRA"]
[SourceTitle "CBM 161 Extra"]
[Source "ChessBase"]
[SourceDate "2014.08.29"]
[SourceVersion "1"]
[SourceVersionDate "2014.08.29"]
[SourceQuality "1"]

1. e4 e6 2. d4 d5 3. Nc3 Bb4 4. exd5 exd5 5. Bd3 Nf6 6. Nge2 0-0 7. 0-0 Bg4 8. f3 Bh5 9. Nf4 Bg6 10. Nxg6 hxg6 11. Bg5 c6 12. f4 Qb6 13. Bxf6 gxf6 14. Qg4 Qxd4+ 15. Kh1 f5 16. Bxf5 Na6 17. Bd3 Nc5 18. Ne2 Qg7 19. f5 Nxd3 20. cxd3 Bd6 21. fxg6 Qxg6 22. Qh3 Rae8 23. Nd4 Qh7 24. Rf6 Qxh3 25. gxh3 Be5 26. Rg1+ Kh7 27. Rf5 Kh6 28. Nf3 f6 29. d4 Bc7 30. Nh4 Rg8 31. Rxf6+ Kh5 32. Ng6 Re2 33. Nf4+ Bxf4 34. Rxg8 1-0

[Event "Plancoet op-A 10th"]
[Site "Plancoet"]
[Date "2013.08.01"]
[Round "7"]
[White "Tirard, Hugo"]
[Black "De Wit, Tex"]
[Result "1/2-1/2"]
[WhiteElo "2421"]
[BlackElo "2293"]
[PlyCount "105"]
[EventDate "2013.07.28"]
[EventType "swiss"]
[EventRounds "9"]
[EventCountry "FRA"]
[SourceTitle "EXT 2017"]
[Source "ChessBase"]
[SourceDate "2016.10.25"]
[SourceVersion "1"]
[SourceVersionDate "2016.10.25"]
[SourceQuality "1"]

1. e4 d6 2. Nc3 g6 3. d4 Nf6 4. f4 Bg7 5. Bd3 0-0 6. f5 c5 7. fxg6 hxg6 8. dxc5 Qa5 9. cxd6 Nxe4 10. Bxe4 Bxc3+ 11. Kf2 Bf6 12. Qd5 Qxd5 13. Bxd5 exd6 14. Nf3 Na6 15. Rd1 Nc5 16. Bg5 Bxb2 17. Rab1 Bg7 18. Be7 Re8 19. Bxd6 Ne4+ 20. Bxe4 Rxe4 21. Bc5 Re8 22. Bd4 b6 23. Bxg7 Kxg7 24. Rd6 Be6 25. a4 Red8 26. Rxd8 Rxd8 27. Ke3 Bd5 28. Rb4 Re8+ 29. Kd3 Rh8 30. h4 Rh5 31. Rf4 Bxf3 32. gxf3 Ra5 33. Kc3 f5 34. Kb4 Kh6 35. Rd4 Kh5 36. Rd6 Re5 37. c4 a5+ 38. Kc3 Re3+ 39. Kd4 Rxf3 40. Rxb6 Ra3 41. c5 Rxa4+ 42. Kd5 Ra1 43. c6 Rd1+ 44. Ke5 Rc1 45. Kd6 f4 46. c7 f3 47. Kd7 Rd1+ 48. Ke7 Rc1 49. Kd7 Kxh4 50. Rf6 Kg3 51. Rxg6+ Kh2 52. Rh6+ Kg1 53. Rg6+ 1/2-1/2

[Event "FRA-chT Top 12"]
[Site "Belfort"]
[Date "2012.06.04"]
[Round "5.5"]
[White "Demuth, Adrien"]
[Black "Tirard, Hugo"]
[Result "1-0"]
[WhiteElo "2423"]
[BlackElo "2478"]
[PlyCount "81"]
[EventDate "2012.05.31"]
[EventType "team-tourn"]
[EventRounds "11"]
[EventCountry "FRA"]
[SourceTitle "CBM 148 Extra"]
[Source "ChessBase"]
[SourceDate "2012.06.22"]
[SourceVersion "1"]
[SourceVersionDate "2012.06.22"]
[SourceQuality "1"]
[WhiteTeam "Mulhouse Philidor"]
[BlackTeam "Deauville"]
[WhiteTeamCountry "FRA"]
[BlackTeamCountry "FRA"]

1. d4 Nf6 2. c4 g6 3. Nc3 Bg7 4. e4 d6 5. Nf3 0-0 6. Be2 e5 7. Be3 Na6 8. d5 Ng4 9. Bg5 f6 10. Bh4 Nh6 11. 0-0 c5 12. Ne1 g5 13. Bg3 f5 14. exf5 Bxf5 15. Nc2 Bg6 16. Ne3 Qe8 17. Qd2 Nc7 18. Bd3 Rd8 19. Qc2 Bxd3 20. Qxd3 Rd7 21. Rab1 Re7 22. Ne4 Qg6 23. a3 Ne8 24. b4 b6 25. bxc5 dxc5 26. Rfd1 Nd6 27. Nxd6 Qxd6 28. a4 Rd7 29. a5 bxa5 30. Qa3 Bf6 31. Rb5 Rc8 32. Rxa5 Qe7 33. Ra6 Qf7 34. Qd3 Re8 35. Qe4 Bg7 36. Rc6 Bf8 37. Ng4 Nxg4 38. Qxg4 h6 39. h4 Qg7 40. hxg5 hxg5 41. Qh5 1-0

[Event "FRA-chT Top 12"]
[Site "Belfort"]
[Date "2012.06.01"]
[Round "2.2"]
[White "Fargere, Francois"]
[Black "Tirard, Hugo"]
[Result "1/2-1/2"]
[WhiteElo "2467"]
[BlackElo "2478"]
[PlyCount "21"]
[EventDate "2012.05.31"]
[EventType "team-tourn"]
[EventRounds "11"]
[EventCountry "FRA"]
[SourceTitle "CBM 148 Extra"]
[Source "ChessBase"]
[SourceDate "2012.06.22"]
[SourceVersion "1"]
[SourceVersionDate "2012.06.22"]
[SourceQuality "1"]
[WhiteTeam "Grasse"]
[BlackTeam "Deauville"]
[WhiteTeamCountry "FRA"]
[BlackTeamCountry "FRA"]

1. e4 c5 2. Nf3 Nc6 3. Bb5 e6 4. 0-0 Nge7 5. Re1 Ng6 6. c3 d5 7. Qa4 Be7 8. d4 0-0 9. exd5 Qxd5 10. c4 Qf5 11. Bxc6 1/2-1/2

[Event "FRA-ch Accession"]
[Site "Caen"]
[Date "2011.08.18"]
[Round "3"]
[White "Song, Julien"]
[Black "Tirard, Hugo"]
[Result "1/2-1/2"]
[WhiteElo "2336"]
[BlackElo "2470"]
[PlyCount "138"]
[EventDate "2011.08.16"]
[EventType "swiss"]
[EventRounds "11"]
[EventCountry "FRA"]
[SourceTitle "CBM 144 Extra"]
[Source "ChessBase"]
[SourceDate "2011.10.28"]
[SourceVersion "1"]
[SourceVersionDate "2011.10.28"]
[SourceQuality "1"]

1. d4 Nf6 2. Nf3 g6 3. Nbd2 Bg7 4. e4 d6 5. Bd3 0-0 6. 0-0 Nbd7 7. Re1 e5 8. c3 b6 9. a4 a6 10. b4 exd4 11. cxd4 Bb7 12. Bb2 d5 13. e5 Nh5 14. g3 Re8 15. b5 a5 16. Rc1 Rc8 17. Bf1 Nf8 18. Bh3 Ne6 19. Bg4 Bh6 20. Bxh5 gxh5 21. Nh4 Ng7 22. Rc2 c6 23. Nf1 cxb5 24. axb5 Rxc2 25. Qxc2 Qc8 26. Qd3 Qc4 27. Qxc4 dxc4 28. f4 Rc8 29. Rc1 Ne6 30. Ne3 Nc7 31. Rxc4 Nxb5 32. Rxc8+ Bxc8 33. Nd5 Be6 34. Nf6+ Kf8 35. d5 Bh3 36. d6 a4 37. Nxh7+ Ke8 38. Nf6+ Kd8 39. Nf3 a3 40. Ba1 a2 41. Nd4 Na3 42. Nd5 Nc4 43. Nb4 f6 44. exf6 Nxd6 45. Nxa2 Ne4 46. Nb4 Bf8 47. Nbc6+ Ke8 48. Nf3 Bc5+ 49. Bd4 Bxd4+ 50. Ncxd4 Nxf6 51. Ng5 Bd7 52. Kg2 b5 53. Kf3 Ke7 54. Ne4 Bg4+ 55. Ke3 Nd5+ 56. Kd2 b4 57. Kd3 h4 58. Kc4 Ne3+ 59. Kxb4 Nf1 60. gxh4 Nxh2 61. Kc5 Nf1 62. Nf2 Bc8 63. Kd5 Kf6 64. Ne4+ Kg6 65. Ke5 Kh5 66. f5 Ne3 67. Nd6 Kxh4 68. Nxc8 Nxf5 69. Kxf5 Kg3 1/2-1/2

[Event "FRA-ch Accession"]
[Site "Caen"]
[Date "2011.08.17"]
[Round "2"]
[White "Tirard, Hugo"]
[Black "Loiret, Stanislas"]
[Result "1-0"]
[WhiteElo "2470"]
[BlackElo "2267"]
[PlyCount "123"]
[EventDate "2011.08.16"]
[EventType "swiss"]
[EventRounds "11"]
[EventCountry "FRA"]
[SourceTitle "CBM 144 Extra"]
[Source "ChessBase"]
[SourceDate "2011.10.28"]
[SourceVersion "1"]
[SourceVersionDate "2011.10.28"]
[SourceQuality "1"]

1. e4 e5 2. Nf3 Nc6 3. Bb5 a6 4. Ba4 Nf6 5. 0-0 b5 6. Bb3 Be7 7. d3 d6 8. a4 Bg4 9. c3 Rb8 10. h3 Bh5 11. Re1 Qc8 12. axb5 axb5 13. Nbd2 0-0 14. Nf1 b4 15. Ba4 Nd8 16. Ng3 Bg6 17. d4 bxc3 18. bxc3 exd4 19. cxd4 d5 20. exd5 Bb4 21. Re5 Bd6 22. Bg5 Qb7 23. Bxf6 gxf6 24. Re3 Qxd5 25. Bb3 Qb5 26. d5 Bf4 27. Nd4 Qc5 28. Rc1 Qb6 29. Ngf5 Bxe3 30. fxe3 Re8 31. Qf3 Re5 32. Nh6+ Kg7 33. Ng4 h5 34. Rc6 Nxc6 35. Qxf6+ Kg8 36. dxc6 Qxb3 37. Nxb3 Re6 38. Nh6+ Kh7 39. Qf4 Rxb3 40. Nxf7 Rb1+ 41. Kh2 Rxc6 42. Qh6+ Kg8 43. Ne5 Rbb6 44. Nd7 Re6 45. Qf8+ Kh7 46. Qf4 Rbd6 47. Nf8+ Kg8 48. Nxe6 Rxe6 49. Qxc7 Bf7 50. Qc5 Bg6 51. Kg3 Re4 52. Kf3 Kh7 53. Qd5 Re7 54. e4 Kh6 55. e5 Rf7+ 56. Ke3 Rf1 57. Qg8 Bf7 58. Qd8 Kg6 59. Qd6+ Kg7 60. g3 Bb3 61. Qd3 Rg1 62. Kf2 1-0

[Event "FRA-ch Accession"]
[Site "Caen"]
[Date "2011.08.16"]
[Round "1"]
[White "Fayard, Alain"]
[Black "Tirard, Hugo"]
[Result "0-1"]
[WhiteElo "2219"]
[BlackElo "2470"]
[PlyCount "72"]
[EventDate "2011.08.16"]
[EventType "swiss"]
[EventRounds "11"]
[EventCountry "FRA"]
[SourceTitle "CBM 144 Extra"]
[Source "ChessBase"]
[SourceDate "2011.10.28"]
[SourceVersion "1"]
[SourceVersionDate "2011.10.28"]
[SourceQuality "1"]

1. d4 Nf6 2. c4 c5 3. d5 b5 4. cxb5 a6 5. e3 axb5 6. Bxb5 Qa5+ 7. Nc3 Bb7 8. Bd2 Qb6 9. Nf3 Nxd5 10. Nxd5 Bxd5 11. a4 e6 12. Bc3 Be7 13. Nd2 f6 14. Bd3 g6 15. 0-0 0-0 16. Qc2 f5 17. Rfe1 Nc6 18. e4 fxe4 19. Bxe4 Nd4 20. Bxd4 Bxe4 21. Qxe4 cxd4 22. Nc4 Qb4 23. Ne5 Qxb2 24. Nxd7 Qxf2+ 25. Kh1 Bb4 26. Nxf8 Bxe1 27. Qxe6+ Kxf8 28. Rxe1 d3 29. Qd6+ Kg8 30. Qd5+ Kg7 31. Re7+ Kf8 32. Rf7+ Qxf7 33. Qxa8+ Kg7 34. Kg1 Qe7 35. Qa5 Qe3+ 36. Kf1 d2 0-1

[Event "FRA-chT1 1011"]
[Site "France"]
[Date "2010.11.13"]
[Round "2.3"]
[White "Giacomini, Hector"]
[Black "Tirard, Hugo"]
[Result "0-1"]
[WhiteElo "2272"]
[BlackElo "2471"]
[PlyCount "86"]
[EventDate "2010.10.17"]
[EventType "team-tourn"]
[EventRounds "11"]
[EventCountry "FRA"]
[SourceTitle "EXT 2012"]
[Source "ChessBase"]
[SourceDate "2011.11.24"]
[SourceVersion "1"]
[SourceVersionDate "2011.11.24"]
[SourceQuality "1"]

1. d4 Nf6 2. Nf3 g6 3. g3 Bg7 4. Bg2 0-0 5. 0-0 d6 6. b3 c5 7. c4 Nc6 8. Bb2 cxd4 9. Nxd4 Qb6 10. e3 a5 11. Nc3 Bd7 12. Qd2 Rfc8 13. Rac1 Nb4 14. Rfd1 Rab8 15. h3 Na6 16. e4 Nb4 17. Kh2 Qc5 18. a3 Na6 19. Nd5 Nxd5 20. cxd5 Qb6 21. Bc3 Qa7 22. a4 Rc5 23. Kg1 Rbc8 24. Ne2 Bxc3 25. Nxc3 Qb6 26. Qb2 Qb4 27. Na2 Rxc1 28. Rxc1 Rxc1+ 29. Nxc1 Bxa4 30. Qc2 Bd7 31. Nd3 Qd4 32. h4 h5 33. Kh2 b5 34. f4 a4 35. bxa4 bxa4 36. e5 Kg7 37. exd6 exd6 38. Nc1 a3 39. Qe2 Nc5 40. Qe7 Qb2 41. Qxd6 Qxc1 42. Qe5+ Kh6 43. Qe7 Qb2 0-1

[Event "Dieppe op 6th"]
[Site "Dieppe"]
[Date "2010.08.28"]
[Round "8"]
[White "Rausis, Igors"]
[Black "Tirard, Hugo"]
[Result "1-0"]
[WhiteElo "2505"]
[BlackElo "2451"]
[PlyCount "65"]
[EventDate "2010.08.22"]
[EventType "swiss"]
[EventRounds "9"]
[EventCountry "FRA"]
[SourceTitle "CBM 138 Extra"]
[Source "ChessBase"]
[SourceDate "2010.10.29"]
[SourceVersion "1"]
[SourceVersionDate "2010.10.29"]
[SourceQuality "1"]

1. e4 c5 2. Nf3 Nc6 3. c3 Nf6 4. e5 Nd5 5. d4 cxd4 6. Bc4 Nb6 7. Bb3 g6 8. Ng5 d5 9. exd6 e6 10. Qf3 Ne5 11. Qg3 Bg7 12. cxd4 Nc6 13. Nf3 0-0 14. Bg5 Qd7 15. Nc3 h6 16. Be3 Rd8 17. Ne4 Nd5 18. Bxh6 Bxh6 19. Bxd5 Bg7 20. Bb3 f5 21. Nc5 Qxd6 22. Qxg6 Nxd4 23. Nxd4 Qxd4 24. Nxe6 Qd2+ 25. Kf1 Bxe6 26. Bxe6+ Kh8 27. Bxf5 Kg8 28. Re1 Rd6 29. Be6+ Kh8 30. Qh5+ Bh6 31. g3 Rf8 32. Qe2 Rc6 33. Qxd2 1-0

[Event "Avoine op 25th"]
[Site "Avoine"]
[Date "2010.07.18"]
[Round "2"]
[White "Tirard, Hugo"]
[Black "Pallandre, Fabrice"]
[Result "1-0"]
[WhiteElo "2443"]
[BlackElo "2103"]
[PlyCount "47"]
[EventDate "2010.07.17"]
[EventType "swiss"]
[EventRounds "9"]
[EventCountry "FRA"]
[SourceTitle "EXT 2011"]
[Source "ChessBase"]
[SourceDate "2010.11.26"]
[SourceVersion "1"]
[SourceVersionDate "2010.11.26"]
[SourceQuality "1"]

1. e4 e6 2. d4 d5 3. Nc3 Bb4 4. e5 c5 5. a3 Bxc3+ 6. bxc3 Ne7 7. Qg4 Kf8 8. a4 Qc7 9. Ra2 h6 10. Nf3 b6 11. Ba3 Ba6 12. Bxa6 Nxa6 13. 0-0 Kg8 14. h4 Kh7 15. h5 Rac8 16. Rb1 cxd4 17. cxd4 Qc4 18. Rb3 Nc5 19. Nd2 Qxa4 20. Rbb2 Qd7 21. dxc5 bxc5 22. Nb3 c4 23. Nc5 Qc6 24. Nxe6 1-0

[Event "Avoine op 25th"]
[Site "Avoine"]
[Date "2010.07.17"]
[Round "1"]
[White "Sanglan, Philippe"]
[Black "Tirard, Hugo"]
[Result "0-1"]
[WhiteElo "2024"]
[BlackElo "2443"]
[PlyCount "52"]
[EventDate "2010.07.17"]
[EventType "swiss"]
[EventRounds "9"]
[EventCountry "FRA"]
[SourceTitle "EXT 2011"]
[Source "ChessBase"]
[SourceDate "2010.11.26"]
[SourceVersion "1"]
[SourceVersionDate "2010.11.26"]
[SourceQuality "1"]

1. Nf3 c5 2. c4 g6 3. g3 Bg7 4. Bg2 Nc6 5. Nc3 e5 6. d3 Nge7 7. 0-0 a6 8. Ne4 d6 9. Bg5 f5 10. Nf6+ Kf7 11. Nd5 h6 12. Nxe7 hxg5 13. Nxc8 Rxc8 14. e3 Rc7 15. Qe2 Bf6 16. Nd2 Kf8 17. Rfd1 Rch7 18. Nf1 Qd7 19. Rab1 g4 20. f3 gxf3 21. Qxf3 g5 22. a3 g4 23. Qf2 Bg5 24. b4 f4 25. gxf4 exf4 26. bxc5 f3 0-1